000 00452nam a22001577a 4500
005 20240802101838.0
008 240802b |||||||| |||| 00| 0 eng d
041 _aEnglish
082 _a349 NAT
100 _lEnglish
245 _aNatal Law Reports /
_cW.S. Bigby
260 _aPietermaritzburg:
_bMunro Brothers,
_c1902
300 _bxxxvi, 466 pages;
_c25 cm.
650 _aLegal practice
_bLaw
942 _cBK
_6ALISON_BN_VRIES
999 _c2391
_d2391